[Event "ch-Kyiv Men"]
[Site "Kyiv UKR"]
[Date "2008.01.29"]
[Round "9"]
[White "Matorin,E"]
[Black "Ivchenko,A UKR"]
[Result "1-0"]
[WhiteElo "2286"]
[BlackElo "2078"]

1.Nf3 d5 2.c4 c6 3.b3 Nf6 4.g3 Bf5 5.d3 e6 6.Bg2 Be7 7.O-O O-O 8.Bb2 Nbd7
9.Nbd2 a5 10.a3 h6 11.Re1 Qc7 12.e4 Bg4 13.e5 Nh7 14.h3 Bh5 15.cxd5 exd5
16.d4 Ng5 17.h4 Nxf3+ 18.Nxf3 Bg4 19.Qd3 Rae8 20.Nh2 Be6 21.f4 f5 22.exf6 Bxf6
23.Rf1 c5 24.Rae1 Qd6 25.Qd2 b6 26.Kh1 c4 27.Nf3 cxb3 28.a4 Bf5 29.Ne5 Be4
30.Bxe4 dxe4 31.Qe3 Qe6 32.Kh2 b5 33.Nxd7 Qxd7 34.Qxb3+ Kh8 35.axb5 e3 36.Re2 Bxd4
37.Ba3 Qg4 38.Qd3 Rf6 39.Kg2 Bb6 40.Rf3 Qe6 41.Bb2 Rf5 42.Be5 Rf7 43.Qe4 Rfe7
44.Rf1 Rc8 45.Rd1 Rc4 46.Qa8+ Re8 47.Qb7 Re7 48.Qb8+ Re8 49.Qb7 Re7 50.Qa8+ Re8
51.Qf3 Qe7 52.Rd6 Bc5 53.Rxh6+ Kg8 54.Qd5+ Qf7 55.Rh8+  1-0

[Event "13th HIT Open A"]
[Site "Nova Gorica SLO"]
[Date "2008.01.29"]
[Round "5"]
[White "Skoberne,J"]
[Black "Bontempi,P"]
[Result "0-1"]
[WhiteElo "2484"]
[BlackElo "2375"]

1.Nf3 d5 2.c4 d4 3.g3 Nc6 4.Bg2 e5 5.O-O Nf6 6.d3 Nd7 7.e3 Be7 8.exd4 exd4
9.Nbd2 Nc5 10.Nb3 Ne6 11.Re1 O-O 12.Bd2 a5 13.Ne5 Nxe5 14.Rxe5 c5 15.Rb1 Ra7
16.Na1 Bd6 17.Re1 b6 18.a3 a4 19.f4 Bd7 20.Nc2 Nc7 21.b4 axb3 22.Rxb3 Ne8
23.Qf3 Nf6 24.f5 Ba4 25.Rb2 Nd7 26.Reb1 Ne5 27.Qf1 Bxc2 28.Rxc2 Rxa3 29.Be4 Be7
30.Bf4 Nd7 31.Bc6 Nf6 32.Qf3 h6 33.Rcb2 Bd6 34.Rxb6 Bxf4 35.Qxf4 Rxd3 36.Rb8 Rd1+
37.Rxd1 Qxb8 38.Qxb8 Rxb8 39.Bf3 Rb3 40.Bd5 Nxd5 41.cxd5 Kf8 42.Rc1 Rc3 43.Re1 d3  0-1

[Event "13th HIT Open A"]
[Site "Nova Gorica SLO"]
[Date "2008.01.29"]
[Round "6"]
[White "Sebenik,M"]
[Black "Hera,I"]
[Result "0-1"]
[WhiteElo "2479"]
[BlackElo "2526"]

1.Nf3 d5 2.c4 e6 3.g3 Nf6 4.Bg2 dxc4 5.Qc2 c6 6.O-O b5 7.b3 cxb3 8.axb3 Bb7
9.d4 Be7 10.Bb2 O-O 11.Nbd2 Nbd7 12.Ne5 Nxe5 13.dxe5 Nd5 14.Ne4 c5 15.Nxc5 Qc7
16.Rfc1 Rfc8 17.Bd4 Nb4 18.Qc3 Bxg2 19.Kxg2 Nc6 20.Na6 Qd7 21.Bc5 Bxc5 22.Nxc5 Qd5+
23.e4 Qxe5 24.Qxe5 Nxe5 25.Na6 Rc6 26.Rxc6 Nxc6 27.Nc7 Rb8 28.Ra6 Nd4 29.Rxa7 g5
30.b4 g4 31.h3 h5 32.hxg4 hxg4 33.Na6 Rd8 34.Nc5 Nf3 35.Rd7 Ra8 36.Rd1 Ra2
37.Nb3 e5 38.Nc5 Rb2 39.Nd3 Rb3 40.Kf1 f6 41.Ke2 Ra3 42.Rb1 Ra2+ 43.Rb2 Ra1
44.Ke3 Nd4 45.Kd2 Nf3+ 46.Ke3 Kf7 47.Rc2 Ra3 48.Rc5 Nd4 49.Rd5 Ra2 50.Rxd4 exd4+
51.Kxd4 Rc2 52.Ke3 Rc3 53.Kd4 Rc4+ 54.Ke3 Ke6 55.Nf4+ Kd6 56.Nd3 Rc3 57.Kd4 Rb3
58.Ke3 f5 59.Kd4 fxe4 60.Kxe4 Rc3 61.Kd4 Rc4+ 62.Ke3 Kd5 63.Nf4+ Ke5 64.Nd3+ Kf5
65.f3 gxf3 66.Kxf3 Re4 67.Kf2 Kg4  0-1

[Event "6th ch-PriFO Men"]
[Site "Kazan RUS"]
[Date "2008.01.30"]
[Round "8"]
[White "Grechihin,V"]
[Black "Natacheev,P"]
[Result "0-1"]
[WhiteElo "2306"]
[BlackElo "2150"]

1.Nf3 d5 2.c4 c6 3.b3 Nf6 4.Bb2 Bf5 5.g3 Nbd7 6.Bg2 Qc7 7.cxd5 cxd5 8.Nc3 e5
9.Rc1 Qa5 10.a4 a6 11.O-O Bd6 12.Na2 O-O 13.b4 Qb6 14.Qb3 h6 15.d3 Be6 16.Nd2 Rac8
17.Qa3 a5 18.d4 axb4 19.Qb3 exd4 20.Nf3 Nc5 21.Qxb4 Qxb4 22.Nxb4 Nxa4 23.Nd3 Nxb2
24.Nxb2 Bc5 25.Nd3 b6 26.Rc2 Ne4 27.Rfc1 Rfe8 28.Kf1 Nc3 29.Nfe1 Bf5 30.e3 b5
31.Nxc5 Bxc2 32.exd4 Ne2 33.Rxc2 Nxd4 34.Rc1 Ne6 35.Ned3 Nxc5 36.Rxc5 Rxc5
37.Nxc5 d4 38.Nd3 Kf8 39.Bc6 Rb8 40.Nb4 Ke7 41.Ke2 Kd6 42.Kd3 Rb6 43.Bf3 Kc5
44.Nd5 Ra6 45.Nf4 g5 46.Ng2 Ra3+ 47.Ke2 d3+ 48.Kd2 Kd4 49.Ne3 Ra2+ 50.Ke1 b4
51.Bd1 Rb2 52.Nf5+ Kc3 53.Nd6 b3 54.Ne4+ Kd4 55.Nd6 Rb1 56.Nb5+ Kc5 57.Nc3 Ra1
58.Kd2 b2 59.Bb3 Ra3  0-1

[Event "6th ch-PriFO Men"]
[Site "Kazan RUS"]
[Date "2008.01.30"]
[Round "8"]
[White "Poniaev,R"]
[Black "Stepanov,Niki"]
[Result "1/2-1/2"]
[WhiteElo "2305"]
[BlackElo "1774"]

1.Nf3 d5 2.c4 c6 3.Qc2 Nf6 4.g3 e6 5.Bg2 Bd6 6.d4 O-O 7.O-O Ne4 8.Nfd2 f5
9.Nxe4 fxe4 10.f3 exf3 11.Bxf3 Nd7 12.Nc3 Nf6 13.e4 dxe4 14.Nxe4 Nxe4 15.Qxe4 e5
16.dxe5 Bf5 17.Qd4 Bc7 18.Qxd8 Raxd8 19.Re1 Bd3 20.Kg2 Bxc4 21.Bf4 Be6 22.b3 Rd7
23.h4 Rfd8 24.Bg5 Re8 25.Bf4  1/2-1/2

[Event "FINEC GMA"]
[Site "St Petersburg RUS"]
[Date "2008.01.30"]
[Round "7"]
[White "Matlakov,M"]
[Black "Savchenko,S"]
[Result "1/2-1/2"]
[WhiteElo "2441"]
[BlackElo "2558"]

1.Nf3 d5 2.c4 c6 3.e3 Nf6 4.Nc3 e6 5.b3 Bd6 6.Bb2 O-O 7.Be2 dxc4 8.bxc4 e5
9.d4 exd4 10.exd4 Re8 11.O-O Bg4 12.h3 Bh5 13.Re1 Nbd7 14.Ng5 Bg6 15.Qb3 Bf4
16.Nf3 Qc7 17.Rad1 Rad8 18.Nh4 Bh5 19.Bxh5 Nxh5 20.Ne4 Nhf6 21.Nxf6+ Nxf6
22.g3 Bd6 23.Qf3 Bb4 24.Rxe8+ Nxe8 25.Nf5 Nd6 26.Ne3 Qe7 27.a3 Ba5 28.d5 Bb6
29.Ng4 Nxc4 30.Nf6+ Kh8 31.Qf5 g6 32.Qc2 Nxb2 33.Qxb2 Bc7 34.d6 Bxd6 35.Qc3 h6
36.Ne4+ Kh7 37.Nf6+ Kh8 38.Ne4+ Kh7 39.Nf6+  1/2-1/2

[Event "6th Gibtelecom Masters"]
[Site "Gibraltar ENG"]
[Date "2008.01.31"]
[Round "10"]
[White "Jones,G"]
[Black "Foisor,O"]
[Result "1/2-1/2"]
[WhiteElo "2562"]
[BlackElo "2401"]

1.Nf3 d5 2.c4 c6 3.e3 Nf6 4.d4 Bg4 5.cxd5 Bxf3 6.gxf3 cxd5 7.Nc3 e6 8.Bd3 Nc6
9.f4 g6 10.Bd2 Be7 11.Qb3 Rb8 12.a3 a6 13.Qc2 Rc8 14.Rc1 O-O 15.h4 Nh5 16.Be2 f5
17.Bxh5 gxh5 18.Qd1 Qe8 19.Ne2 Kh8 20.Ng1 Rg8 21.Nf3 h6 22.Qb3 Qd7 23.Ke2 Bf6
24.Ne1 Qg7 25.Bc3 Kh7 26.Nf3 Qd7 27.Kd2 Rg2 28.Rcf1 b5 29.Qd1 Rg4 30.Nh2 Rxh4
31.Nf3 Rxh1 32.Rxh1 Qf7 33.Ne1 a5 34.Nd3 h4 35.b4 a4 36.Qe2 Nd8 37.Nc5 Qe8
38.f3 Nf7 39.Kc1 Nd6 40.Be1 Qg6 41.Qh2 Qh5 42.Kb1 Rg8 43.Nd7 Be7 44.Bxh4 Qxh4
45.Qxh4 Bxh4 46.Rxh4 Rg1+ 47.Ka2 Rg2+ 48.Ka1 Re2 49.Nf8+ Kg8 50.Nxe6 Rxe3
51.Rxh6 Rxa3+ 52.Kb1 Rb3+ 53.Ka1 Ra3+ 54.Kb1 Rb3+ 55.Ka1 Rxb4 56.Nc7 Nc4
57.Nxd5 Rb3 58.Ne7+ Kf8 59.Nxf5 Rxf3 60.Rh8+ Kf7 61.Rb8 Ra3+ 62.Kb1 Rb3+
63.Ka1 Ra3+ 64.Kb1 Rb3+ 65.Ka1 Ke6 66.Rf8 b4 67.d5+ Kxd5 68.Rd8+ Ke4 69.Rd4+ Kxf5
70.Rxc4 a3 71.Ka2 Rb2+ 72.Ka1 Kg4 73.f5+ Kxf5 74.Rf4+  1/2-1/2

[Event "16th FAJR Open"]
[Site "Urmia IRI"]
[Date "2008.02.04"]
[Round "3"]
[White "Pantsulaia,L"]
[Black "Shamsi,M"]
[Result "1-0"]
[WhiteElo "2629"]
[BlackElo "2145"]

1.Nf3 d5 2.c4 e6 3.d4 Nf6 4.Nc3 Nbd7 5.Bf4 dxc4 6.Qa4 Nd5 7.Bg5 Be7 8.Bxe7 Qxe7
9.Qxc4 Nxc3 10.Qxc3 Nf6 11.Rc1 c6 12.e3 O-O 13.Bd3 Nd7 14.e4 e5 15.Nxe5 Nxe5
16.dxe5 Re8 17.f4 g5 18.f5 Qxe5 19.Qxe5 Rxe5 20.Kf2 h5 21.Rhd1 Kf8 22.h4 g4
23.Ke3 f6 24.Kf4 Ke7 25.Rd2 Bd7 26.Bc4 Be8 27.Rcd1 Rc8 28.Be6 Rc7 29.Rd8 a5
30.Rb8 Bf7 31.Rc8 Rxc8 32.Rd7+ Ke8 33.Rxf7 Rd8 34.Rxf6 Rb5 35.Rh6 Rxb2 36.f6 Rf2+
37.Ke5  1-0

[Event "FSIMA February"]
[Site "Budapest HUN"]
[Date "2008.02.08"]
[Round "7"]
[White "Eperjesi,L"]
[Black "Gara,A"]
[Result "1-0"]
[WhiteElo "2285"]
[BlackElo "2325"]

1.Nf3 d5 2.c4 e6 3.d4 c5 4.e3 Nf6 5.Nc3 Nc6 6.cxd5 exd5 7.Be2 Bd6 8.O-O O-O
9.dxc5 Bxc5 10.b3 a6 11.Bb2 Qd6 12.Rc1 Bg4 13.Na4 Ba7 14.h3 Bf5 15.Nd4 Bb8
16.f4 Nxd4 17.Bxd4 Ne4 18.Nb6 Ra7 19.Bg4 Qe6 20.Bxf5 Qxf5 21.Qg4 Qxg4 22.hxg4 Rd8
23.Rc8 Rxc8 24.Nxc8 Ra8 25.Nb6 Ra7 26.Rc1 Nd6 27.Nxd5 b6 28.Nxb6 Rb7 29.Rc6 f6
30.Nc4 Nb5 31.Rxa6 Nxd4 32.exd4 Bxf4 33.d5 Kf7 34.Kf2 Ke7 35.Kf3 Bc1 36.Re6+ Kd7
37.Ke4 Ra7 38.a4 Rb7 39.Nb6+ Kd8 40.Rc6 Bd2 41.d6 Rb8 42.d7  1-0

[Event "4th Open A"]
[Site "Moscow RUS"]
[Date "2008.02.09"]
[Round "8"]
[White "Pustov,P"]
[Black "Airapetian,G"]
[Result "1-0"]
[WhiteElo "2413"]
[BlackElo "2318"]

1.Nf3 d5 2.c4 e6 3.g3 Nf6 4.Bg2 a6 5.b3 c5 6.O-O Nc6 7.cxd5 exd5 8.d4 Bd6
9.Bb2 O-O 10.Nc3 Re8 11.Rc1 Bg4 12.dxc5 Bxc5 13.Nxd5 Bxf2+ 14.Rxf2 Nxd5 15.Ne5 Be6
16.Nxf7 Ne3 17.Nxd8 Nxd1 18.Nxe6 Nxf2 19.Nc7 Rxe2 20.Nxa8 Rxb2 21.Rf1  1-0

[Event "16th FAJR Open"]
[Site "Urmia IRI"]
[Date "2008.02.09"]
[Round "11"]
[White "Pantsulaia,L"]
[Black "Zeynalov,F"]
[Result "1-0"]
[WhiteElo "2629"]
[BlackElo "2269"]

1.Nf3 d5 2.c4 c6 3.g3 Nf6 4.Bg2 Bg4 5.Ne5 Bf5 6.cxd5 cxd5 7.Nc3 Nc6 8.Nxc6 bxc6
9.d3 e6 10.O-O Be7 11.Qa4 Qd7 12.e4 Bg6 13.f4 d4 14.Nb1 Rc8 15.h3 h5 16.Nd2 c5
17.Qd1 Bd8 18.Nc4 Bc7 19.Qf3 O-O 20.Bd2 Ne8 21.b4 f5 22.exf5 Rxf5 23.g4 hxg4
24.hxg4 Rf7 25.bxc5 Qb5 26.Qe2 Nf6 27.g5 Nh5 28.Qxe6 Bf5 29.Qd5 Bxd3 30.Nd6 Bxd6
31.cxd6 Bxf1 32.g6 Qe2 33.gxf7+ Kh7 34.Rxf1 Ng3 35.Qf3  1-0

[Event "10th TCh-Euro sen"]
[Site "Dresden GER"]
[Date "2008.02.11"]
[Round "1"]
[White "Gross,W"]
[Black "Lehtosaari,K"]
[Result "1-0"]
[WhiteElo "2272"]
[BlackElo "2042"]

1.Nf3 d5 2.c4 c6 3.b3 Nf6 4.g3 g6 5.Bb2 Bg7 6.Bg2 O-O 7.O-O Bg4 8.h3 Bxf3
9.exf3 Nbd7 10.d4 Qc7 11.Re1 e6 12.Nc3 Rad8 13.cxd5 Nxd5 14.Nxd5 exd5 15.Ba3 Rfe8
16.Be7 Rc8 17.Qd2 Nf8 18.Bg5 Ne6 19.Be3 Qb6 20.Red1 Re7 21.Rac1 Rce8 22.Kh2 f5
23.f4 h6 24.Bf3 Kh7 25.Qd3 Bf6 26.h4 Ng7 27.h5 gxh5 28.Bxh5 Rg8 29.Bg4 Re4
30.Bf3 Ree8 31.Rh1 Qd8 32.Kg2 Qd7 33.Rh3 Kg6 34.Rch1 Rh8 35.g4 h5 36.gxh5+ Kh6
37.Rg3 Qf7 38.Kf1 Bd8 39.Rhg1 Rhg8 40.Rg6+ Kh7 41.Bd1 Ref8 42.Qe2 Ne8 43.Qf3 Nf6
44.Qg2 Ne4 45.Qh3 Qd7 46.Bc2 c5 47.Bxe4 dxe4 48.Qg3 Qf7 49.dxc5 Bf6 50.Rxg8 Rxg8
51.Qxg8+ Qxg8 52.Rxg8 Kxg8 53.b4 a6 54.a4 Kf7 55.b5 axb5 56.a5 Bd8 57.c6 Bxa5
58.cxb7 Bc7 59.Ba7 Bxf4 60.b8=Q Bxb8 61.Bxb8 Kf6 62.Bf4  1-0

[Event "10th TCh-Euro sen"]
[Site "Dresden GER"]
[Date "2008.02.12"]
[Round "2"]
[White "Dornieden,M"]
[Black "Pribyl,Jo"]
[Result "1/2-1/2"]
[WhiteElo "2264"]
[BlackElo "2367"]

1.Nf3 d5 2.c4 d4 3.b4 c5 4.bxc5 Nc6 5.g3 e5 6.d3 Bxc5 7.Bg2 Nge7 8.O-O O-O
9.Nbd2 a5 10.Rb1 f5 11.Rb5 Qd6 12.Ng5 b6 13.Nb3 Ba6 14.Nxc5 bxc5 15.Ba3 Qf6
16.Rxc5 Qxg5 17.Rxc6 Nxc6 18.Bxc6 Rfd8 19.Bxa8 Rxa8 20.Qa4 Qf6 21.Qxa5 Bb7
22.Qb4 Qc6 23.f3 h5 24.Rb1 e4 25.Qxb7 Qxb7 26.Rxb7 Rxa3 27.fxe4 fxe4 28.dxe4 Rxa2
29.Rd7 Rxe2 30.Rxd4 Rc2 31.Rd8+ Kf7 32.Rc8 h4 33.gxh4 Re2 34.c5 Rxe4 35.Kg2 Rxh4
36.Kg3 Rc4 37.h4 Ke6 38.c6 Kd6 39.Rd8+ Kxc6 40.Rc8+ Kd5 41.Rxc4 Kxc4 42.Kf4 Kd3
43.h5 Ke2 44.Kg5 Kf3  1/2-1/2

[Event "10th TCh-Euro sen"]
[Site "Dresden GER"]
[Date "2008.02.13"]
[Round "3"]
[White "Pribyl,Jo"]
[Black "Biebinger,G"]
[Result "1-0"]
[WhiteElo "2367"]
[BlackElo "2324"]

1.Nf3 d5 2.c4 c6 3.b3 Bf5 4.g3 Nf6 5.Bg2 h6 6.Bb2 e6 7.O-O Nbd7 8.d3 Be7
9.Nbd2 O-O 10.a3 a5 11.Ra2 Bh7 12.Qa1 b5 13.Ne5 Nxe5 14.Bxe5 Qb6 15.h3 Rfc8
16.Kh2 Qd8 17.a4 bxa4 18.bxa4 Qf8 19.Rc2 Nd7 20.Bd4 Bf6 21.Bxf6 Nxf6 22.Rfc1 Bg6
23.Nf3 Kh7 24.Qe5 c5 25.cxd5 exd5 26.Qa1  1-0

[Event "10th TCh-Euro sen"]
[Site "Dresden GER"]
[Date "2008.02.14"]
[Round "4"]
[White "Hecht,HJ"]
[Black "Braun,Go"]
[Result "1-0"]
[WhiteElo "2387"]
[BlackElo "2329"]

1.Nf3 d5 2.c4 e6 3.g3 c5 4.Bg2 Nc6 5.cxd5 exd5 6.d4 Nf6 7.O-O h6 8.Nc3 Be7
9.Bf4 O-O 10.Rc1 c4 11.Ne5 Bf5 12.g4 Be6 13.h3 Rc8 14.e3 Qa5 15.Bg3 Rfd8
16.Qe2 Nd7 17.Nxc4 dxc4 18.d5 Bxd5 19.Nxd5 Bf8 20.Qxc4 Nb6 21.Nxb6 axb6 22.Rfd1 Nd4
23.Qxc8 Rxc8 24.Rxc8 Ne2+ 25.Kh2 Nxg3 26.fxg3 Qxa2 27.Rdd8 g6 28.Rxf8+ Kg7
29.Rg8+ Kf6 30.Rc7 Qxb2 31.Rf8 b5 32.Rcxf7+ Ke6 33.Rxb7  1-0

[Event "10th TCh-Euro sen"]
[Site "Dresden GER"]
[Date "2008.02.15"]
[Round "5"]
[White "Meier,W"]
[Black "Nordstrom,F"]
[Result "0-1"]
[WhiteElo "2207"]
[BlackElo "2198"]

1.Nf3 d5 2.c4 e6 3.g3 Nf6 4.Bg2 Be7 5.O-O O-O 6.b3 b6 7.Bb2 Bb7 8.d3 c5 9.Ne5 Nbd7
10.Nd2 Nxe5 11.Bxe5 Ng4 12.Bb2 Bf6 13.Qc2 Bxb2 14.Qxb2 Nf6 15.a3 Qc7 16.Rfc1 d4
17.Bxb7 Qxb7 18.b4 Qc7 19.Rcb1 Rab8 20.Qc2 Nd7 21.Rb2 e5 22.Rab1 f5 23.Nf3 h6
24.bxc5 Nxc5 25.a4 Qd6 26.Rd1 Rfd8 27.Ra2 e4 28.dxe4 d3 29.exd3 fxe4 30.Ne1 exd3
31.Qc3 Rb7 32.f3 Rbd7 33.Ng2 Qc6 34.Rf2 Nxa4 35.Qc1 Rc8 36.Ne3 b5 37.Ng4 Qxc4
38.Qe3 Nc5 39.Rc1 Qd5 40.Rd2 Rdd8 41.Ne5 Re8 42.f4 b4 43.Ra1 Rc7 44.Ra5 Qd6
45.Rb5 b3 46.Kf2 a6 47.Rxb3 Nxb3 48.Rxd3 Rc2+ 49.Kf3 Qe6 50.Rxb3 Qd5+ 51.Kg4 Rxh2
52.Rb6 Qd1+ 53.Qf3 h5+ 54.Kf5 Rxe5+  0-1

[Event "XXIV Open"]
[Site "Cappelle La Grande FRA"]
[Date "2008.02.16"]
[Round "1"]
[White "Chapman,T"]
[Black "Schut,D"]
[Result "1-0"]
[WhiteElo "2219"]
[BlackElo "2021"]

1.Nf3 d5 2.c4 c6 3.cxd5 cxd5 4.d4 Nf6 5.Nc3 Nc6 6.Bf4 Bf5 7.Qb3 Na5 8.Qa4+ Bd7
9.Qc2 Rc8 10.e3 e6 11.Bd3 Nc4 12.O-O Bb4 13.a3 Ba5 14.Rfc1 O-O 15.Ne5 h6
16.Qe2 Bc7 17.b3 Nd6 18.Qf3 Bb8 19.Rc2 Qb6 20.Bxh6 Qxb3 21.Rac1 Nde8 22.Bxg7 Kxg7
23.Qg3+ Kh8 24.Qh4+ Kg7 25.Qg5+ Kh8 26.Qh6+ Kg8 27.Nxd7  1-0

[Event "1st Pfalz Open"]
[Site "Neustadt a.d. Weinstrasse GER"]
[Date "2008.02.17"]
[Round "2"]
[White "Wurzel,A"]
[Black "Haba,P"]
[Result "0-1"]
[WhiteElo "2193"]
[BlackElo "2536"]

1.Nf3 d5 2.c4 e6 3.d4 c6 4.g3 dxc4 5.Qc2 b5 6.b3 cxb3 7.axb3 Bb7 8.Bg2 Nd7
9.O-O c5 10.e4 Ngf6 11.d5 Qb6 12.Bb2 Be7 13.Re1 O-O 14.Bh3 Rfd8 15.dxe6 fxe6
16.Ng5 Nf8 17.e5 Qc6 18.f3 Ng4 19.Ne4 Nh6 20.Nbc3 Nf5 21.Ne2 c4 22.Nf4 c3
23.Qxc3 Qb6+ 24.Kh1 Rac8 25.Qa5 Qxa5 26.Rxa5 Bb4 27.Rxb5 Bxe1 28.Rxb7 Rd1
29.Bxf5 Bxg3+  0-1

[Event "1st Pfalz Open"]
[Site "Neustadt a.d. Weinstrasse GER"]
[Date "2008.02.18"]
[Round "3"]
[White "Maeurer,C"]
[Black "Teske,H"]
[Result "1-0"]
[WhiteElo "2266"]
[BlackElo "2493"]

1.Nf3 d5 2.c4 d4 3.g3 g6 4.Bg2 Bg7 5.d3 e5 6.O-O Ne7 7.e3 dxe3 8.fxe3 O-O
9.Nc3 Nbc6 10.Rb1 f5 11.Qe2 Kh8 12.Kh1 Be6 13.d4 e4 14.Ng5 Bg8 15.b3 a6 16.Ba3 a5
17.g4 Nb4 18.Rbd1 Ra6 19.Nh3 Qc8 20.Nf2 c5 21.Bb2 cxd4 22.exd4 Nbc6 23.Na4 Nd8
24.d5 Rf7 25.Nh3 h6 26.Nf4 b5 27.cxb5 Rd6 28.Ba3 Nb7 29.Bxd6 Nxd6 30.gxf5 gxf5
31.b6 Be5 32.Nd3 Bf6 33.Ndc5 Rg7 34.b7 Qb8 35.Nd7 Qxb7 36.Nxf6 Nxd5 37.Nxd5 Bxd5
38.Qd2 Rxg2 39.Qxg2 Qf7 40.Rg1  1-0

[Event "XXIV Open"]
[Site "Cappelle La Grande FRA"]
[Date "2008.02.19"]
[Round "5"]
[White "Payen,Ar"]
[Black "Couche,D"]
[Result "1-0"]
[WhiteElo "2403"]
[BlackElo "2122"]

1.Nf3 d5 2.c4 c6 3.e3 e6 4.b3 Nd7 5.Be2 Ngf6 6.Bb2 Bd6 7.Nc3 O-O 8.Qc2 a6
9.h4 Re8 10.Ng5 Nf8 11.d4 b6 12.e4 dxe4 13.Ncxe4 Nxe4 14.Nxe4 Bb4+ 15.Kf1 Be7
16.h5 f5 17.Nd2 c5 18.Nf3 Bb7 19.Rd1 Qc7 20.dxc5 bxc5 21.Be5  1-0

[Event "XXIV Open"]
[Site "Cappelle La Grande FRA"]
[Date "2008.02.21"]
[Round "7"]
[White "Clery,N"]
[Black "Savchenko,S"]
[Result "1/2-1/2"]
[WhiteElo "2390"]
[BlackElo "2558"]

1.Nf3 d5 2.c4 c6 3.e3 Nf6 4.Nc3 e6 5.Qc2 Bd6 6.b3 O-O 7.Bb2 e5 8.cxd5 cxd5
9.Nb5 Nc6 10.Nxd6 Qxd6 11.Bb5 Nb4 12.Qc1 d4 13.O-O a6 14.a3 Nbd5 15.Be2 Bf5
16.d3 Rac8 17.Qd2 Nc3 18.exd4 exd4 19.Rfc1 Nxe2+ 20.Qxe2 Bg4 21.Qe5 Qxe5
22.Nxe5 Be6 23.b4 Nd5 24.Bxd4 f6 25.Nf3  1/2-1/2

[Event "6th Festival Gp A"]
[Site "Nancy FRA"]
[Date "2008.02.21"]
[Round "5"]
[White "Bauer,Ch"]
[Black "Guliyev,N"]
[Result "1-0"]
[WhiteElo "2614"]
[BlackElo "2570"]

1.Nf3 d5 2.c4 dxc4 3.Qa4+ Nd7 4.e4 Nf6 5.Qxc4 e6 6.Nc3 Bd6 7.d4 e5 8.Bg5 exd4
9.Qxd4 h6 10.Bh4 O-O 11.O-O-O Bc5 12.Qc4 g5 13.Bg3 Bb6 14.e5 Nh5 15.Qe4 Qe7
16.Nd5 Qc5+ 17.Kb1 Re8 18.Bc4 Nf8 19.h4 c6 20.Nxb6 axb6 21.hxg5 Nxg3 22.fxg3 Be6
23.Bxe6 Rxe6 24.gxh6 Qe7 25.Qf5 Rg6 26.Rd6 Re8 27.Rf6 Nh7 28.Rxg6+ fxg6 29.Qxg6+ Kh8
30.e6 Nf8 31.Qf7 Nxe6 32.Qxe7 Rxe7 33.Re1 Re8 34.g4 Nc7 35.Rxe8+ Nxe8 36.Kc2 Kh7
37.g5 Nd6 38.Kd3 c5 39.Ne5 b5 40.g6+ Kxh6 41.Nf7+ Nxf7 42.gxf7 Kg7 43.Ke4 c4
44.Kd5 b6 45.Ke6 Kf8 46.a3  1-0

[Event "79th ch-GER"]
[Site "Bad Woerishofen GER"]
[Date "2008.02.22"]
[Round "8"]
[White "Pajeken,W"]
[Black "Levin,F"]
[Result "0-1"]
[WhiteElo "2351"]
[BlackElo "2563"]

1.Nf3 d5 2.c4 d4 3.e3 Nc6 4.exd4 Nxd4 5.Nxd4 Qxd4 6.Nc3 c6 7.d3 Nh6 8.h3 Nf5
9.g4 Qe5+ 10.Ne4 Nd4 11.f4 Qa5+ 12.Bd2 Qd8 13.Be3 g6 14.Bg2 Bg7 15.Qd2 a5
16.O-O f5 17.Nf2 Be6 18.Rae1 Qd7 19.Bxd4 Bxd4 20.Qe2 Bf7 21.Kh1 e6 22.h4 Qe7
23.g5 h6 24.Nh3 hxg5 25.Nxg5 Rxh4+ 26.Bh3 O-O-O 27.Kg2 Rdh8 28.Qf3 Bf6 29.Rh1 Bxg5
30.fxg5 Qxg5+ 31.Qg3 Qd2+ 32.Kf1 Rf4+ 33.Kg1 Rxh3 34.Rxh3 Rg4 35.Rh8+  0-1

[Event "XXIV Open"]
[Site "Cappelle La Grande FRA"]
[Date "2008.02.22"]
[Round "8"]
[White "Kantans,T"]
[Black "Shirazi,K"]
[Result "0-1"]
[WhiteElo "2072"]
[BlackElo "2422"]

1.Nf3 d5 2.c4 e6 3.g3 Nf6 4.Bg2 Be7 5.O-O O-O 6.b3 c5 7.cxd5 Nxd5 8.Bb2 Bf6
9.Nc3 Nc6 10.Rc1 b6 11.Qc2 Ba6 12.Rfd1 Rc8 13.Nxd5 exd5 14.d3 d4 15.a3 Re8
16.Re1 Bb5 17.Nd2 h5 18.Nc4 h4 19.b4 cxb4 20.Qb3 a5 21.axb4 a4 22.Qd1 Nxb4
23.Na3 Bd7 24.Rxc8 Qxc8 25.Nc4 Qc7 26.Ba3 b5 27.Bxb4 bxc4 28.dxc4 Qxc4 29.Qd2 Bg4
30.e3 dxe3 31.fxe3 h3 32.Bd5 Qb5 33.Rc1 Bg5 34.Bc5 Qxc5 35.Rxc5 Bxe3+ 36.Qxe3 Rxe3
37.Ra5 Bd7 38.Ra7 Be8 39.Ra8 Kh7 40.Kf2 Re5 41.Bf3 f5 42.Be2 Bc6 43.Ra6 Rxe2+  0-1

[Event "18th ch-IRI"]
[Site "Tehran IRI"]
[Date "2008.02.24"]
[Round "11"]
[White "Doostkam,P"]
[Black "Roghani,A"]
[Result "1/2-1/2"]
[WhiteElo "2241"]
[BlackElo "2362"]

1.Nf3 d5 2.c4 e6 3.b3 Be7 4.Bb2 Bf6 5.Qc1 dxc4 6.bxc4 c5 7.Nc3 b6 8.Ne4 Bxb2
9.Qxb2 f6 10.g3 Bb7 11.d3 Nh6 12.Bg2 Qe7 13.O-O O-O 14.a4 Nc6 15.Rfb1 Rab8
16.Qa3 Nb4 17.Rb2 a5 18.Nc3 Rbd8 19.Rd1 Nf5 20.Nb5 Rd7 21.Rbd2 Rfd8 22.Ne1 Bxg2
23.Nxg2 Qf7 24.e3 Nc6 25.Qb2 Ne5 26.Ne1 Qh5 27.e4 Ne7 28.Nc3 Rd6 29.Kg2 Qe8
30.Nb5 R6d7 31.Nc3 Rb8 32.h3 N7c6 33.f4 Ng6 34.Nf3 Nb4 35.Nb5 Rbd8 36.d4 cxd4
37.Rxd4 Nf8 38.e5 Rxd4 39.Rxd4 Rxd4 40.Qxd4 Nd7 41.Qd6 Na6 42.Nfd4 fxe5 43.fxe5 Nac5
44.Nc7 Qf8 45.Ndxe6 Qxd6 46.exd6 Nxa4 47.Nd5 Nb2 48.Nxb6 Nxb6 49.c5 N2c4
50.cxb6 Nxb6 51.Nc5 Kf7 52.d7 Ke7 53.d8=Q+ Kxd8  1/2-1/2

[Event "ch-ROU"]
[Site "Cluj ROU"]
[Date "2008.02.28"]
[Round "5"]
[White "Sfarlog,T"]
[Black "Nanu,C"]
[Result "0-1"]
[WhiteElo "2265"]
[BlackElo "2527"]

1.Nf3 d5 2.c4 d4 3.d3 Nc6 4.g3 e5 5.Bg2 Bb4+ 6.Bd2 a5 7.Na3 Nf6 8.Nc2 Bc5
9.O-O O-O 10.Bg5 h6 11.Bxf6 Qxf6 12.Nd2 Qe7 13.e4 dxe3 14.fxe3 Nb4 15.Ne4 Nxc2
16.Qxc2 Bxe3+ 17.Kh1 c6 18.Rae1 Bd4 19.Nd2 Qd6 20.Nf3 Be6 21.Nxd4 Qxd4 22.Re4 Qd6
23.c5 Qc7 24.d4 exd4 25.Rxd4 Rad8 26.Rxd8 Rxd8 27.a3 Qe5 28.b4 axb4 29.axb4 Rd4
30.Qc3 Bd5 31.Bf3 Qe2 32.Kg1 Bxf3  0-1

[Event "XI Open"]
[Site "Malaga ESP"]
[Date "2008.02.28"]
[Round "7"]
[White "Pilaj,H"]
[Black "Guadamuro Torrente,A"]
[Result "1-0"]
[WhiteElo "2374"]
[BlackElo "2156"]

1.Nf3 d5 2.c4 e6 3.d4 c6 4.Bg5 Nf6 5.Nc3 Be7 6.e3 Ne4 7.Bxe7 Qxe7 8.Qc2 f5
9.cxd5 Nxc3 10.d6 Qxd6 11.Qxc3 O-O 12.Be2 Nd7 13.O-O Nf6 14.b4 Ne4 15.Qb2 Bd7
16.Ne5 Rae8 17.a4 a6 18.b5 axb5 19.axb5 cxb5 20.Nxd7 Qxd7 21.Bxb5 Qf7 22.Bxe8 Rxe8
23.Qb4  1-0

[Event "24th Open"]
[Site "Bad Woerishofen GER"]
[Date "2008.03.01"]
[Round "3"]
[White "Wissinger,P"]
[Black "Strasser,J GER"]
[Result "1/2-1/2"]
[WhiteElo "2075"]
[BlackElo "1955"]

1.Nf3 d5 2.c4 c6 3.b3 Nf6 4.Bb2 Bf5 5.g3 h6 6.Bg2 e6 7.O-O Nbd7 8.d3 Be7
9.Nbd2 O-O 10.Re1 Bh7 11.a3 a5 12.Rc1 Bd6 13.d4 Ne4 14.Ne5 Nxd2 15.Nxd7 Qxd7
16.Qxd2  1/2-1/2

[Event "10th Rector Cup w"]
[Site "Kharkiv UKR"]
[Date "2008.03.02"]
[Round "6"]
[White "Vozovic,O"]
[Black "Doluhanova,E"]
[Result "1-0"]
[WhiteElo "2327"]
[BlackElo "2223"]

1.Nf3 d5 2.c4 e6 3.g3 c6 4.Bg2 Nf6 5.b3 Bd6 6.Bb2 Nbd7 7.Nc3 O-O 8.O-O Qe7
9.Qc2 Ba3 10.Bxa3 Qxa3 11.d4 Qd6 12.Rad1 b6 13.e4 dxe4 14.Nxe4 Nxe4 15.Qxe4 Bb7
16.Ne5 Rac8 17.f4 Rc7 18.Qe3 Re8 19.Rd2 Qe7 20.Rfd1 Nf6 21.g4 Nd7 22.g5 f6
23.Ng4 f5 24.Ne5 Nxe5 25.dxe5 c5 26.Bxb7 Rxb7 27.Rd6 Rc8 28.Qf3 Rbc7 29.R1d3 Kf8
30.Qh5 g6 31.Qd1 Ke8 32.a4 Rb8 33.Kf1 Rbc8 34.Qd2 Rb8 35.Ke1 Rbc8 36.Kd1 Rb8
37.Kc2 Rbc8 38.h4 Rb8 39.Qd1 a6 40.h5 b5 41.Kd2 bxc4 42.bxc4 Rcb7 43.a5 Rb2+
44.Ke3 R8b7 45.Rd8+ Kf7 46.hxg6+ Kxg6 47.Qh1 Qg7 48.Rg8  1-0

[Event "Cvijet Mediterana"]
[Site "Rijeka CRO"]
[Date "2008.03.02"]
[Round "3"]
[White "Medic,Mir"]
[Black "Coimbra,M"]
[Result "1/2-1/2"]
[WhiteElo "2248"]
[BlackElo "2124"]

1.Nf3 d5 2.c4 c6 3.b3 Bg4 4.Bb2 Nd7 5.g3 Ngf6 6.Bg2 e6 7.O-O Bd6 8.d4 O-O
9.Ne5 Bf5 10.Nxd7 Nxd7 11.Nd2 Bg6 12.e4 dxe4 13.Nxe4 Bc7 14.Qe2 e5 15.d5 cxd5
16.cxd5 Re8 17.Rad1 Rc8 18.d6 Bb8 19.Nc3 Qb6 20.Nd5 Qxd6 21.Ne3 Qc7 22.Bh3 Rcd8
23.Nd5 Qc6 24.Nb4 Qc7 25.Nd5 Qc6 26.Nb4  1/2-1/2

[Event "65th ch-GEO w"]
[Site "Tbilisi GEO"]
[Date "2008.03.02"]
[Round "4"]
[White "Khotenashvili,B"]
[Black "Khurtsilava,I"]
[Result "1-0"]
[WhiteElo "2271"]
[BlackElo "2312"]

1.Nf3 d5 2.c4 c6 3.g3 Nf6 4.Bg2 Bf5 5.cxd5 cxd5 6.Qb3 Qb6 7.Qxb6 axb6 8.Nc3 Bd7
9.d3 e6 10.Bf4 b5 11.Nd4 b4 12.Ncb5 Bxb5 13.Nxb5 Na6 14.Rc1 Kd7 15.d4 Be7
16.f3 Rhc8 17.Kd2 Rc6 18.e4 Rb6 19.Nc7 Rc8 20.Nxa6 Rxa6 21.Rxc8 Kxc8 22.Rc1+ Kd8
23.Bf1 Rxa2 24.Bc7+ Ke8 25.Bb5+ Kf8 26.e5 Rxb2+ 27.Kd1 Ng8 28.Bd6 g6 29.Rc8+ Kg7
30.Re8 Bxd6 31.exd6 Nf6 32.h4 Ra2 33.Rb8 Ra3 34.g4 b3 35.Kc1 h6 36.g5 hxg5
37.hxg5 Nd7 38.Bxd7 Ra6 39.Rxb7 Rxd6 40.Be8 Kf8 41.Bxf7 Rc6+ 42.Kd2 Rc4 43.Ke3 Rc3+
44.Kf4 Rd3 45.Bxg6 Rxd4+  1-0

[Event "4NCL 2007-8"]
[Site "Wokefield Park ENG"]
[Date "2008.03.02"]
[Round "8"]
[White "McFarland,R"]
[Black "Van Weersel,A"]
[Result "1/2-1/2"]
[WhiteElo "2229"]
[BlackElo "2168"]

1.Nf3 d5 2.c4 e6 3.g3 Nf6 4.Bg2 Be7 5.O-O O-O 6.b3 c5 7.Bb2 Nc6 8.cxd5 exd5
9.d4 b6 10.Nc3 Bb7 11.Rc1 Rc8 12.Qd3 Qd7 13.Rfd1 Rfd8 14.e3 h6 15.Qb1 Qe6
16.dxc5 bxc5 17.Na4 Ne4 18.Qa1 Bf8 19.Nd2 Qf5 20.f4 Nb4 21.Qb1 Re8 22.a3 Na6
23.Nc3 Qe6 24.Ncxe4  1/2-1/2